[Event "Politiken Cup"]
[Site "Copenhagen"]
[Date "2006.07.25"]
[Round "4.35"]
[White "Skovgaard, Peter"]
[Black "Frisk, Hans"]
[Result "1-0"]
[WhiteElo "2235"]
[BlackElo "2032"]
[PlyCount "87"]
[EventDate "2006.??.??"]

1. c4 e5 2. g3 Nc6 3. Bg2 Nf6 4. Nc3 Bc5 5. e3 d6 6. Nge2 a6 7. O-O O-O 8. d4
exd4 9. exd4 Ba7 10. h3 h6 11. Be3 Bf5 12. g4 Bd7 13. g5 Nh7 14. gxh6 Ne7 15.
hxg7 Kxg7 16. Ng3 Kh8 17. Nce4 Nf5 18. Nxf5 Bxf5 19. Qh5 Bg6 20. Qh6 Rg8 21.
Kh1 Qf8 22. Qh4 f5 23. Ng5 c6 24. Nxh7 Bxh7 25. Rg1 f4 26. Be4 Qf7 27. Bxh7
Qxh7 28. Qf6+ Rg7 29. Rxg7 Qxg7 30. Qxf4 Rg8 31. Qh4+ Qh7 32. Qf6+ Qg7 33.
Qxg7+ Rxg7 34. Rg1 Rh7 35. Rg6 d5 36. cxd5 cxd5 37. Kg2 Rh4 38. Rg4 Rh5 39. h4
Bb8 40. Kh3 Rf5 41. Rg5 Rxg5 42. hxg5 Kg7 43. Kg4 Kg6 44. Bf4 1-0

[Event "Politiken Cup"]
[Site "Copenhagen"]
[Date "2006.07.25"]
[Round "4.36"]
[White "Willumsen, Henrik"]
[Black "Nielsen, Morten"]
[Result "1-0"]
[WhiteElo "2227"]
[BlackElo "2019"]
[PlyCount "57"]
[EventDate "2006.??.??"]

1. e4 Nf6 2. e5 Nd5 3. d4 d6 4. c4 Nb6 5. f4 dxe5 6. fxe5 Nc6 7. Be3 Bf5 8. Nc3
e6 9. Nf3 Nb4 10. Rc1 c5 11. Bg5 Qd7 12. d5 exd5 13. cxd5 a6 14. d6 f6 15. a3
Nc2+ 16. Rxc2 Bxc2 17. Qxc2 fxg5 18. Bd3 g6 19. Ne4 Bg7 20. Nxc5 Qg4 21. Bxg6+
Kf8 22. O-O hxg6 23. Nxg5+ Kg8 24. Qxg6 Rh6 25. Qf7+ Kh8 26. Nce6 Rg8 27. d7
Rxe6 28. Qxg8+ Kxg8 29. d8=Q+ 1-0

[Event "Politiken Cup"]
[Site "Copenhagen"]
[Date "2006.07.25"]
[Round "4.37"]
[White "Haugstad, Espen"]
[Black "Molvig, Henrik"]
[Result "0-1"]
[WhiteElo "2046"]
[BlackElo "2218"]
[PlyCount "48"]
[EventDate "2006.??.??"]

1. e4 c5 2. Nf3 d6 3. d4 cxd4 4. Nxd4 Nf6 5. Nc3 a6 6. Be3 e5 7. Nb3 Be6 8. f3
Nbd7 9. Qd2 Rc8 10. O-O-O b5 11. g4 Be7 12. h4 Nb6 13. Na5 b4 14. Nb7 bxc3 15.
Qf2 Qc7 16. Nxd6+ Bxd6 17. Bxb6 Qb8 18. Bxa6 O-O 19. Bxc8 Rxc8 20. b3 Nd7 21.
Ba7 Qb4 22. Rd3 Ra8 23. Be3 Rxa2 24. Kd1 Bxb3 0-1

[Event "Politiken Cup"]
[Site "Copenhagen"]
[Date "2006.07.25"]
[Round "4.38"]
[White "Valla, Martin"]
[Black "Romsdal, Trond"]
[Result "0-1"]
[WhiteElo "2034"]
[BlackElo "2215"]
[PlyCount "52"]
[EventDate "2006.??.??"]

1. d4 d5 2. c4 e6 3. Nc3 Nf6 4. Bg5 Nbd7 5. e3 c6 6. Nf3 Qa5 7. cxd5 exd5 8.
Nd2 Ne4 9. Ndxe4 dxe4 10. Bh4 Bb4 11. Qc2 O-O 12. Bc4 Nb6 13. Bb3 Nd5 14. O-O
Bxc3 15. bxc3 Nxc3 16. f3 exf3 17. Rxf3 Bg4 18. Rf2 Rae8 19. Raf1 Be6 20. Bxe6
Rxe6 21. Rf5 Qa3 22. Qf2 f6 23. g4 h6 24. g5 hxg5 25. Bxg5 Ne4 26. Qc2 Nxg5 0-1

[Event "Politiken Cup"]
[Site "Copenhagen"]
[Date "2006.07.25"]
[Round "4.39"]
[White "Wiwe, Andreas"]
[Black "Larsen, Andreas"]
[Result "0-1"]
[WhiteElo "2215"]
[BlackElo "1975"]
[PlyCount "86"]
[EventDate "2006.??.??"]

1. e4 c5 2. Nf3 Nc6 3. d4 cxd4 4. Nxd4 g6 5. c4 Bg7 6. Nc2 d6 7. Nc3 Nf6 8. Be2
O-O 9. O-O Be6 10. Bd2 Rc8 11. Rc1 a6 12. b3 Nd7 13. Bg4 f5 14. exf5 Bxf5 15.
Ne3 Nd4 16. Nxf5 Nxf5 17. Bf3 e6 18. Bxb7 Rb8 19. Be4 Ne5 20. Ne2 Qh4 21. f3
Rbd8 22. Be1 Qe7 23. Bxf5 Rxf5 24. Nd4 Rf4 25. Bf2 Rdf8 26. Qe2 Kh8 27. Rcd1 g5
28. Be3 R4f7 29. b4 g4 30. f4 Ng6 31. Qxg4 e5 32. fxe5 Qxe5 33. Bf2 Rf4 34. Qe6
Qh5 35. Qh3 Rxf2 36. Ne6 Rxf1+ 37. Rxf1 Rxf1+ 38. Kxf1 Qd1+ 39. Kf2 Qd2+ 40.
Kf3 Ne5+ 41. Ke4 Qc2+ 42. Kd5 Qxc4+ 43. Kxd6 Qc6+ 0-1

[Event "Politiken Cup"]
[Site "Copenhagen"]
[Date "2006.07.25"]
[Round "4.40"]
[White "Schultz-Pedersen, Jesper"]
[Black "Thomassen, Joachim"]
[Result "1-0"]
[WhiteElo "2203"]
[BlackElo "2006"]
[PlyCount "73"]
[EventDate "2006.??.??"]

1. e4 c5 2. Nc3 Nc6 3. f4 g6 4. Nf3 Bg7 5. Bc4 e6 6. O-O Nge7 7. a3 O-O 8. d3
d5 9. Ba2 Nd4 10. Kh1 b5 11. exd5 Nxd5 12. Ne4 Nf5 13. Qe1 Qc7 14. Qf2 Nd4 15.
c3 Nxf3 16. Qxf3 Bb7 17. Qf2 Rac8 18. Bd2 Rfd8 19. Rae1 Ne7 20. Bb1 Nf5 21. Be3
Nxe3 22. Rxe3 a5 23. Qh4 Qc6 24. Rg1 b4 25. Ba2 h6 26. Nf6+ Kf8 27. Ng4 Ba6 28.
f5 gxf5 29. Nxh6 Rxd3 30. Nxf5 exf5 31. Qe7+ Kg8 32. Qxf7+ Kh8 33. Re6 Qxe6 34.
Qxe6 Bb7 35. Qxf5 Rd6 36. Be6 Re8 37. Qh5+ 1-0

[Event "Politiken Cup"]
[Site "Copenhagen"]
[Date "2006.07.25"]
[Round "4.41"]
[White "Dalberg, Preben"]
[Black "Sykes, Chris"]
[Result "1-0"]
[WhiteElo "2190"]
[BlackElo "1922"]
[PlyCount "129"]
[EventDate "2006.??.??"]

1. c4 Nf6 2. g3 c5 3. Bg2 Nc6 4. Nc3 b6 5. Nf3 Bb7 6. O-O g6 7. b3 Bg7 8. Bb2
O-O 9. d4 Nxd4 10. Nxd4 Bxg2 11. Kxg2 cxd4 12. Qxd4 Rc8 13. e4 d6 14. Rad1 Rc5
15. Nd5 Ne8 16. Qd2 Bxb2 17. Qxb2 e6 18. Nf4 Rc7 19. Rfe1 Rd7 20. Rd2 Ng7 21.
Red1 g5 22. Ne2 f5 23. Qd4 f4 24. f3 g4 25. Nxf4 gxf3+ 26. Kf2 Rxf4 27. gxf4
Qh4+ 28. Ke3 Nh5 29. Rg1+ Kf7 30. f5 exf5 31. Qd5+ Ke7 32. Qxf5 Kd8 33. Rg4
Qe1+ 34. Kd3 Qb1+ 35. Rc2 Qd1+ 36. Kc3 Qa1+ 37. Kb4 Ng7 38. Qxf3 Qe5 39. Ka3
Ne6 40. Qf5 Nd4 41. Qxe5 Nxc2+ 42. Kb2 dxe5 43. Kxc2 Rf7 44. Rh4 Ke7 45. Kd3
Rf3+ 46. Ke2 Rf7 47. a4 Kd6 48. b4 a5 49. Rh6+ Kc7 50. bxa5 bxa5 51. Re6 Rg7
52. Rxe5 Rg2+ 53. Kf3 Rxh2 54. Rxa5 h5 55. Rd5 h4 56. Rh5 Rc2 57. Rxh4 Rxc4 58.
a5 Ra4 59. Rh5 Kd7 60. Kf4 Ke7 61. Rb5 Ra1 62. Ke5 Rh1 63. Rb7+ Ke8 64. a6 Rh5+
65. Kd4 1-0

[Event "Politiken Cup"]
[Site "Copenhagen"]
[Date "2006.07.25"]
[Round "4.42"]
[White "Schou-Moldt, Thomas"]
[Black "Thingstad, Even"]
[Result "1-0"]
[WhiteElo "2184"]
[BlackElo "1861"]
[PlyCount "97"]
[EventDate "2006.??.??"]

1. d4 Nf6 2. Nf3 e6 3. Bf4 b6 4. e3 Bb7 5. Nbd2 c5 6. c3 d5 7. Ne5 Bd6 8. Qf3
Nc6 9. Bd3 Qc7 10. Nxc6 Bxc6 11. Bg5 Be7 12. Bf4 Bd6 13. Bg3 O-O 14. Rc1 e5 15.
dxe5 Bxe5 16. Qf5 Rfe8 17. Bb1 Ne4 18. Nf3 Bd6 19. Bxe4 dxe4 20. Ng5 g6 21.
Bxd6 Qd7 22. Qxd7 Bxd7 23. h4 h6 24. Nh3 Be6 25. c4 Red8 26. Bg3 Rd7 27. Nf4
Rad8 28. Nxe6 fxe6 29. Be5 Rd2 30. Bc3 R2d7 31. Ke2 Rf7 32. f4 exf3+ 33. gxf3
Rdf8 34. f4 a6 35. Rhg1 Kh7 36. Rcd1 b5 37. Rd6 b4 38. Be5 a5 39. Rxe6 Rg8 40.
Rc6 h5 41. Rxc5 Ra7 42. f5 gxf5 43. Rxg8 Kxg8 44. Rc8+ Kf7 45. Rc7+ Rxc7 46.
Bxc7 Ke6 47. Bxa5 b3 48. axb3 Ke5 49. Kf3 1-0

[Event "Politiken Cup"]
[Site "Copenhagen"]
[Date "2006.07.25"]
[Round "4.43"]
[White "Hansen, Jesper"]
[Black "Hvenekilde, Jorgen"]
[Result "0-1"]
[WhiteElo "2014"]
[BlackElo "2181"]
[PlyCount "40"]
[EventDate "2006.??.??"]

1. d4 d5 2. c4 e5 3. dxe5 d4 4. Nf3 Nc6 5. Nbd2 Be6 6. a3 Nge7 7. b4 Ng6 8. Nb3
Bxc4 9. Nbxd4 Nxd4 10. Nxd4 Nxe5 11. Bf4 Qf6 12. Bxe5 Qxe5 13. Rc1 Bd5 14. Nb5
c6 15. Nc7+ Qxc7 16. Qxd5 a5 17. Qe4+ Qe7 18. Qf3 axb4 19. Rxc6 bxa3 20. Qc3
Qb4 0-1

[Event "Politiken Cup"]
[Site "Copenhagen"]
[Date "2006.07.25"]
[Round "4.44"]
[White "Solberg, Joachim"]
[Black "Masters, Andrew D"]
[Result "1-0"]
[WhiteElo "2179"]
[BlackElo "1764"]
[PlyCount "33"]
[EventDate "2006.??.??"]

1. Nc3 d5 2. e4 dxe4 3. Nxe4 Nf6 4. Nxf6+ exf6 5. d4 Be6 6. Bd3 c6 7. Ne2 Bd6
8. O-O Nd7 9. Nf4 Qc7 10. Nxe6 fxe6 11. Qh5+ Kd8 12. c4 Nf8 13. d5 Qe7 14. dxc6
bxc6 15. Be4 Rc8 16. Rd1 f5 17. Bg5 1-0

[Event "Politiken Cup"]
[Site "Copenhagen"]
[Date "2006.07.25"]
[Round "4.45"]
[White "Friesen, Boris"]
[Black "Fjellengen, Bard"]
[Result "1-0"]
[WhiteElo "2146"]
[BlackElo "1879"]
[PlyCount "41"]
[EventDate "2006.??.??"]

1. e4 e5 2. Nf3 Nc6 3. Bc4 Bc5 4. c3 Nf6 5. d3 O-O 6. b4 Bd6 7. O-O b6 8. Bg5
h6 9. Bh4 Bb7 10. Bg3 Nh5 11. Nh4 Nf6 12. Nf5 Ne7 13. Nxd6 cxd6 14. f4 exf4 15.
Bxf4 Nc8 16. Bb3 g5 17. Be3 Qe7 18. Bd4 Nxe4 19. Qh5 Kh7 20. dxe4 Bxe4 21. Bf6
1-0

[Event "Politiken Cup"]
[Site "Copenhagen"]
[Date "2006.07.25"]
[Round "4.46"]
[White "Tocklin, Tomi"]
[Black "Holstein, Erik"]
[Result "0-1"]
[WhiteElo "1918"]
[BlackElo "2105"]
[PlyCount "78"]
[EventDate "2006.??.??"]

1. e4 e6 2. d4 d5 3. exd5 exd5 4. Bf4 Bd6 5. Bxd6 Qxd6 6. Nf3 Nf6 7. c3 O-O 8.
Be2 Bf5 9. O-O Nbd7 10. Nbd2 Rfe8 11. Re1 Re7 12. Nh4 Bg6 13. Nxg6 hxg6 14. Bd3
Rxe1+ 15. Qxe1 c5 16. Nf3 c4 17. Bc2 b5 18. Rd1 a5 19. Rd2 b4 20. Re2 bxc3 21.
bxc3 a4 22. Bb1 Rb8 23. Qc1 a3 24. h3 Rb6 25. Nd2 Rb2 26. Re1 Qb6 27. Qd1 Qa5
28. Qc1 Nb6 29. Nf1 Na4 30. Re3 Qa7 31. Re1 Qa6 32. Ng3 Qb6 33. Nf1 Qb5 34. Nd2
Qb8 35. Kh1 Qf4 36. Ne4 Qxc1 37. Nxf6+ gxf6 38. Rxc1 Rxf2 39. Kg1 Rb2 0-1

[Event "Politiken Cup"]
[Site "Copenhagen"]
[Date "2006.07.25"]
[Round "4.47"]
[White "Saemundsson, Bjarni"]
[Black "Lilja, Richard"]
[Result "0-1"]
[WhiteElo "1945"]
[BlackElo "2129"]
[PlyCount "80"]
[EventDate "2006.??.??"]

1. d4 g6 2. e4 Bg7 3. Be3 d6 4. Nc3 a6 5. Qd2 Nd7 6. Nf3 b5 7. b4 Bb7 8. Bd3 c5
9. a3 cxd4 10. Bxd4 e5 11. Be3 Ngf6 12. Bh6 Bxh6 13. Qxh6 Qc7 14. Qd2 Rc8 15.
Nd5 Nxd5 16. exd5 Bxd5 17. Bxb5 Bxf3 18. Bxd7+ Kxd7 19. gxf3 Qxc2 20. Qxc2 Rxc2
21. O-O Rc4 22. Rfd1 Kc6 23. Rd3 d5 24. Rb1 g5 25. Kg2 Rb8 26. Kg3 a5 27. Rbd1
axb4 28. axb4 d4 29. Kg4 h6 30. Kf5 Rb5 31. Ke4 Kd6 32. h4 Ke6 33. hxg5 hxg5
34. Ra3 Rcxb4 35. Ra6+ Rb6 36. Ra8 f5+ 37. Kd3 Rb2 38. Re8+ Kd6 39. Rg8 R6b3+
40. Kc4 Rc3# 0-1

[Event "Politiken Cup"]
[Site "Copenhagen"]
[Date "2006.07.25"]
[Round "4.48"]
[White "Penalver, Osmani"]
[Black "Havik, Victor"]
[Result "1-0"]
[WhiteElo "2126"]
[BlackElo "1754"]
[PlyCount "97"]
[EventDate "2006.??.??"]

1. d4 e6 2. c4 f5 3. Nf3 Nf6 4. g3 d5 5. Bg2 c6 6. O-O Bd6 7. b3 Qe7 8. Bb2 b6
9. Qc1 Bb7 10. Ba3 Nbd7 11. Rd1 Rc8 12. Bxd6 Qxd6 13. Qb2 O-O 14. Ne5 Ne4 15.
Nd2 Nxe5 16. dxe5 Qe7 17. e3 Rfd8 18. Rac1 Ba6 19. cxd5 cxd5 20. Nf3 Rc5 21. b4
Rc4 22. a3 Rdc8 23. Bf1 Rxc1 24. Rxc1 Bc4 25. Nd4 Qd7 26. f3 Ng5 27. b5 Rc5 28.
h4 Nf7 29. f4 Nd8 30. a4 Qc7 31. Bxc4 dxc4 32. Rc3 Qb7 33. Qg2 Qxg2+ 34. Kxg2
h5 35. Nf3 Kf8 36. Nd2 Nb7 37. Rxc4 Rxc4 38. Nxc4 Nc5 39. a5 Nd7 40. a6 g6 41.
Nd6 Nc5 42. Nc8 Ke8 43. Nxa7 Kd7 44. Kf3 Kc7 45. Ke2 Kd7 46. Kd2 Kc7 47. Kc3
Kd7 48. Kc4 Kc7 49. Nc6 1-0

[Event "Politiken Cup"]
[Site "Copenhagen"]
[Date "2006.07.25"]
[Round "4.49"]
[White "Wilsbeck, Jan B"]
[Black "Holst, Conny"]
[Result "1/2-1/2"]
[WhiteElo "1944"]
[BlackElo "2124"]
[PlyCount "84"]
[EventDate "2006.??.??"]

1. e4 c5 2. Nf3 Nc6 3. d4 cxd4 4. Nxd4 Nf6 5. Nc3 e5 6. Ndb5 d6 7. Nd5 Nxd5 8.
exd5 Nb8 9. c4 Be7 10. Be3 a6 11. Nc3 O-O 12. Be2 f5 13. f3 Bg5 14. Qd2 Bxe3
15. Qxe3 Nd7 16. O-O f4 17. Qf2 a5 18. Ne4 Qe7 19. Rac1 b6 20. Bd3 Nc5 21. Qc2
g5 22. b3 g4 23. a3 gxf3 24. gxf3 Kh8 25. Kh1 Bh3 26. Rg1 Nxe4 27. Bxe4 Qh4 28.
Qd2 Rg8 29. b4 axb4 30. axb4 h5 31. Rxg8+ Rxg8 32. Rg1 Rxg1+ 33. Kxg1 Qg5+ 34.
Kh1 Kg7 35. c5 dxc5 36. bxc5 bxc5 37. d6 Qd8 38. Qd5 Kf6 39. Qxc5 h4 40. Qf2
Ke6 41. Qa2+ Kf6 42. Qf2 Ke6 1/2-1/2

[Event "Politiken Cup"]
[Site "Copenhagen"]
[Date "2006.07.25"]
[Round "4.50"]
[White "Holmen, Per Inge"]
[Black "Berry, Neil"]
[Result "0-1"]
[WhiteElo "1620"]
[BlackElo "2334"]
[PlyCount "66"]
[EventDate "2006.??.??"]

1. g3 e5 2. Bg2 d5 3. c4 c6 4. b3 Nf6 5. d3 dxc4 6. dxc4 Qxd1+ 7. Kxd1 Bc5 8.
e3 Na6 9. a3 Bg4+ 10. f3 O-O-O+ 11. Ke2 Bh5 12. b4 Bd6 13. g4 Bg6 14. e4 Nc7
15. Be3 Ne6 16. Nh3 h5 17. g5 Nd7 18. Nf2 Be7 19. h4 f6 20. Bh3 Bf7 21. Nd2
fxg5 22. Bxe6 Bxe6 23. hxg5 Nf8 24. Rag1 Ng6 25. Nd3 Rd7 26. Rc1 Rhd8 27. Rc3
h4 28. Rh2 h3 29. Nf1 Rxd3 30. Rxd3 Bxc4 31. Rxh3 Bxd3+ 32. Kf2 Nf4 33. Rg3 Rh8
0-1

[Event "Politiken Cup"]
[Site "Copenhagen"]
[Date "2006.07.25"]
[Round "4.51"]
[White "Frisk, Ellinor"]
[Black "Kafka, Graeme"]
[Result "1-0"]
[WhiteElo "1998"]
[BlackElo "2134"]
[PlyCount "41"]
[EventDate "2006.??.??"]

1. e4 c5 2. Nf3 d6 3. d4 cxd4 4. Nxd4 Nf6 5. Nc3 g6 6. Be3 Bg7 7. f3 Nc6 8. Qd2
O-O 9. O-O-O d5 10. Qe1 e6 11. h4 Qe7 12. h5 Nxd4 13. Bxd4 e5 14. Nxd5 Nxd5 15.
exd5 Qc7 16. Bc3 Rd8 17. hxg6 hxg6 18. Qh4 a5 19. f4 Bf5 20. fxe5 Bxe5 21. Qh8+
1-0

[Event "Politiken Cup"]
[Site "Copenhagen"]
[Date "2006.07.25"]
[Round "4.52"]
[White "Hartsteen, Mark"]
[Black "Roder, Peter"]
[Result "0-1"]
[WhiteElo "1973"]
[BlackElo "2131"]
[PlyCount "56"]
[EventDate "2006.??.??"]

1. c4 f5 2. Nf3 Nf6 3. g3 e6 4. Bg2 Be7 5. d3 O-O 6. Nc3 c5 7. Bd2 Nc6 8. O-O
b6 9. Rb1 Bb7 10. e3 Qe8 11. a3 Qh5 12. Nh4 Ng4 13. h3 g5 14. hxg4 fxg4 15. Bh3
Ne5 16. Bxg4 Nxg4 17. f3 Nh6 18. e4 gxh4 19. Kg2 Qg6 20. g4 e5 21. Rh1 Nf7 22.
Be1 Ng5 23. Bxh4 Nxf3 24. Bxe7 Qxg4+ 25. Kf2 Nd4+ 26. Bxf8 Rxf8+ 27. Ke1 Qg2
28. Ne2 Nf3# 0-1

[Event "Politiken Cup"]
[Site "Copenhagen"]
[Date "2006.07.25"]
[Round "4.53"]
[White "Gretarsson, Hjorvar Stein"]
[Black "Friesen, Bas"]
[Result "1-0"]
[WhiteElo "2130"]
[BlackElo "1971"]
[PlyCount "87"]
[EventDate "2006.??.??"]

1. c4 e6 2. Nf3 d5 3. g3 Nf6 4. Bg2 Be7 5. O-O O-O 6. d4 c6 7. Qc2 Nbd7 8. b3
b6 9. Bb2 Bb7 10. Nc3 Rc8 11. e4 dxe4 12. Nxe4 Nxe4 13. Qxe4 Nf6 14. Qd3 c5 15.
Rad1 Qc7 16. Rfe1 Rfd8 17. d5 Ng4 18. Qe2 Bf6 19. Bxf6 Nxf6 20. dxe6 Rxd1 21.
Rxd1 Re8 22. exf7+ Qxf7 23. Qd3 Be4 24. Qd2 h6 25. Qc3 Qh5 26. Re1 Rd8 27. Ne5
Rd4 28. Nc6 Bxg2 29. Kxg2 Rd7 30. Qf3 Qxf3+ 31. Kxf3 Kf8 32. h4 Rd2 33. Re2 Rd7
34. Kf4 Ne8 35. Ne5 Rd4+ 36. Kf5 Nd6+ 37. Ke6 Re4 38. Rd2 Nf7 39. f4 g5 40. Kf6
gxf4 41. Nxf7 fxg3 42. Nxh6 Rf4+ 43. Nf5 Ke8 44. Rg2 1-0

[Event "Politiken Cup"]
[Site "Copenhagen"]
[Date "2006.07.25"]
[Round "4.54"]
[White "Pettersen, Joar Gullestad"]
[Black "Nielsen, Borge Hjerrild"]
[Result "1-0"]
[WhiteElo "1956"]
[BlackElo "2119"]
[PlyCount "55"]
[EventDate "2006.??.??"]

1. e4 c6 2. d4 d5 3. e5 Bf5 4. Nc3 e6 5. g4 Bg6 6. Nge2 c5 7. Be3 Nc6 8. dxc5
Nxe5 9. Nf4 d4 10. Bb5+ Ke7 11. Nfd5+ exd5 12. Bxd4 f6 13. Qe2 Be4 14. Bxe5
fxe5 15. f3 Nf6 16. g5 Nh5 17. O-O-O Nf4 18. Qe3 Qa5 19. fxe4 d4 20. Rxd4 exd4
21. Qxf4 Kd8 22. Rd1 Bxc5 23. Rxd4+ Bxd4 24. Qd6+ Kc8 25. Bd7+ Kd8 26. Be6+ Ke8
27. Qd7+ Kf8 28. Qf7# 1-0

[Event "Politiken Cup"]
[Site "Copenhagen"]
[Date "2006.07.25"]
[Round "4.55"]
[White "Kaaber, Jacob"]
[Black "Marshall, Michael"]
[Result "1-0"]
[WhiteElo "2117"]
[BlackElo "1961"]
[PlyCount "88"]
[EventDate "2006.??.??"]

1. e4 e5 2. Nf3 Nc6 3. Bb5 a6 4. Ba4 Nf6 5. O-O Be7 6. Re1 b5 7. Bb3 d6 8. h3
O-O 9. c3 Na5 10. Bc2 c5 11. d4 Nd7 12. d5 c4 13. Be3 Nb7 14. Nbd2 Ndc5 15. b4
cxb3 16. axb3 f5 17. exf5 Bxf5 18. Bxf5 Rxf5 19. Qc2 Rf8 20. b4 Na4 21. c4 h6
22. cxb5 axb5 23. Qc6 Rb8 24. Ba7 Rc8 25. Qxb7 Nc3 26. Qa6 Kh8 27. Qa3 Nxd5 28.
Qd3 Nxb4 29. Qxb5 Nc2 30. Rad1 Nxe1 31. Rxe1 Rc2 32. Qd3 Qc7 33. Be3 Qc6 34.
Qg6 Bf6 35. Qf5 Qc8 36. Qd3 Qc7 37. Ne4 Be7 38. Rd1 Re8 39. Ng3 Rc3 40. Qg6 Rf8
41. Nh5 Rg8 42. Bxh6 Bf6 43. Be3 Be7 44. Nf6 Bxf6 1-0

[Event "Politiken Cup"]
[Site "Copenhagen"]
[Date "2006.07.25"]
[Round "4.56"]
[White "Eliassen, Erik"]
[Black "Soraas, Torben"]
[Result "0-1"]
[WhiteElo "1956"]
[BlackElo "2115"]
[PlyCount "44"]
[EventDate "2006.??.??"]

1. e4 e6 2. d4 d5 3. exd5 exd5 4. Bd3 Nc6 5. c3 Bd6 6. h3 Nge7 7. Nf3 f6 8. O-O
Be6 9. Re1 Qd7 10. b4 O-O-O 11. a4 g5 12. a5 g4 13. hxg4 Bxg4 14. b5 Nb8 15. b6
cxb6 16. axb6 a6 17. Ba3 Rhg8 18. Nbd2 Bh3 19. g3 Bxa3 20. Rxa3 Qd6 21. Kh2
Qxa3 22. Kxh3 Rge8 0-1

[Event "Politiken Cup"]
[Site "Copenhagen"]
[Date "2006.07.25"]
[Round "4.57"]
[White "Madland, Kristoffer"]
[Black "Akdag, Dara"]
[Result "1-0"]
[WhiteElo "2100"]
[BlackElo "1958"]
[PlyCount "89"]
[EventDate "2006.??.??"]

1. e4 c5 2. Nf3 d6 3. d4 cxd4 4. Nxd4 Nf6 5. Nc3 a6 6. Be3 e6 7. g4 b5 8. f3
Bb7 9. Qd2 Nbd7 10. O-O-O Rc8 11. Kb1 Nb6 12. Bd3 Nfd7 13. Qf2 Rxc3 14. bxc3
Na4 15. Qd2 Qc7 16. c4 bxc4 17. Qb4 Nab6 18. Be2 d5 19. Qa5 Bd6 20. exd5 Bxd5
21. c3 O-O 22. Kc2 Bf4 23. Bf2 g6 24. h4 e5 25. Nf5 gxf5 26. Rxd5 Nxd5 27. Qxd5
Nf6 28. Qxc4 Qxc4 29. Bxc4 fxg4 30. fxg4 Nxg4 31. Rg1 h5 32. Bxa6 Rd8 33. Be1
Kf8 34. c4 f5 35. Bb4+ Kf7 36. c5 e4 37. Kb3 Ne5 38. Rf1 Nd3 39. c6 Kf6 40.
Bc3+ Ke6 41. Bxd3 exd3 42. Rxf4 d2 43. Bxd2 Rxd2 44. Rxf5 Kd6 45. Rxh5 1-0

[Event "Politiken Cup"]
[Site "Copenhagen"]
[Date "2006.07.25"]
[Round "4.58"]
[White "Hansen, Rene Rauer"]
[Black "Frank-Nielsen, Marie"]
[Result "1/2-1/2"]
[WhiteElo "2096"]
[BlackElo "1955"]
[PlyCount "53"]
[EventDate "2006.??.??"]

1. e4 c5 2. Nf3 Nc6 3. d4 cxd4 4. Nxd4 Qb6 5. Nb3 Nf6 6. Nc3 e6 7. Be3 Qd8 8.
a3 d5 9. Qd3 Be7 10. Rd1 O-O 11. exd5 exd5 12. Nxd5 Nxd5 13. Qxd5 Qc7 14. Bd3
Ne5 15. h3 Be6 16. Qb5 Rfd8 17. Nc5 Bc8 18. b4 a6 19. Qa4 b6 20. Be4 Ra7 21.
Rxd8+ Qxd8 22. Nd3 Nc4 23. O-O Nxe3 24. fxe3 Bg5 25. Nf4 Re7 26. Bd3 Rxe3 27.
Kh1 1/2-1/2

[Event "Politiken Cup"]
[Site "Copenhagen"]
[Date "2006.07.25"]
[Round "4.59"]
[White "Agustsson, Hafsteinn"]
[Black "Laksman, Efraim"]
[Result "0-1"]
[WhiteElo "1945"]
[BlackElo "2089"]
[PlyCount "26"]
[EventDate "2006.??.??"]

1. e4 Nf6 2. e5 Nd5 3. d4 d6 4. Nf3 dxe5 5. Nxe5 c6 6. Bd3 g6 7. O-O Bg7 8. c3
Nd7 9. Re1 Nxe5 10. dxe5 Be6 11. c4 Nb4 12. Bc2 Qxd1 13. Bxd1 Nd3 0-1

[Event "Politiken Cup"]
[Site "Copenhagen"]
[Date "2006.07.25"]
[Round "4.60"]
[White "Thomassen, Thomas"]
[Black "Tofte, Sondre Waage"]
[Result "1-0"]
[WhiteElo "2079"]
[BlackElo "1950"]
[PlyCount "67"]
[EventDate "2006.??.??"]

1. c4 Nf6 2. Nc3 e5 3. g3 Nc6 4. Bg2 Bc5 5. e3 d6 6. Nge2 Bf5 7. d4 exd4 8.
exd4 Bb6 9. O-O O-O 10. h3 Nb4 11. g4 Bg6 12. Bg5 h6 13. Bh4 c5 14. d5 Nd3 15.
b3 Qe8 16. Bxf6 gxf6 17. Qd2 Nb4 18. Qxh6 Nc2 19. Rac1 Ba5 20. Qd2 Bxc3 21.
Nxc3 Nd4 22. Rce1 Qd7 23. Ne4 Bxe4 24. Bxe4 f5 25. Qg5+ Kh7 26. Qh5+ Kg7 27.
Bxf5 Nxf5 28. gxf5 Rg8 29. Kh2 Kf6 30. Re3 Rg5 31. Qh6+ Kxf5 32. Rf3+ Ke4 33.
Qxg5 Kxf3 34. Qe3# 1-0

[Event "Politiken Cup"]
[Site "Copenhagen"]
[Date "2006.07.25"]
[Round "4.61"]
[White "Andersen, Dag"]
[Black "Eddy, Samuel"]
[Result "0-1"]
[WhiteElo "1910"]
[BlackElo "2069"]
[PlyCount "84"]
[EventDate "2006.??.??"]

1. d4 g6 2. e4 Bg7 3. Nc3 d6 4. Be3 Nd7 5. f3 c6 6. a4 Rb8 7. Bc4 Ngf6 8. Nge2
O-O 9. O-O a6 10. Qe1 b5 11. axb5 axb5 12. Bb3 c5 13. dxc5 dxc5 14. Qf2 c4 15.
Ba2 b4 16. Na4 Qc7 17. Rfd1 Ba6 18. Nf4 Bb5 19. b3 Bxa4 20. bxa4 b3 21. cxb3
cxb3 22. Rac1 Qa5 23. Bb1 Qxa4 24. Qe2 e6 25. Rc4 Qa5 26. Nd3 Nb6 27. Rc5 Qa4
28. Nb2 Qa3 29. Rb5 Nfd7 30. Bc1 Rfc8 31. Nc4 Qa4 32. Nxb6 Nxb6 33. Be3 Nc4 34.
Rxb8 Rxb8 35. Bd4 Bxd4+ 36. Rxd4 Qa7 37. Qf2 Qa1 38. Rd1 Na3 39. Qe1 Nxb1 40.
Rxb1 Qd4+ 41. Kh1 b2 42. h3 Ra8 0-1

[Event "Politiken Cup"]
[Site "Copenhagen"]
[Date "2006.07.25"]
[Round "4.62"]
[White "Marder, Simon"]
[Black "Grove, Peter"]
[Result "0-1"]
[WhiteElo "2069"]
[BlackElo "1942"]
[PlyCount "148"]
[EventDate "2006.??.??"]

1. d4 g6 2. e4 Bg7 3. c3 d6 4. Bc4 a6 5. Qf3 e6 6. Bb3 Nd7 7. Ne2 Rb8 8. Qg3 e5
9. O-O Ngf6 10. f4 exd4 11. f5 Nxe4 12. Bxf7+ Kf8 13. Qe1 Kxf7 14. fxg6+ Kg8
15. Nxd4 Ndf6 16. gxh7+ Rxh7 17. Nd2 Nc5 18. Qg3 d5 19. N2f3 Nce4 20. Qe1 c5
21. Bf4 Ra8 22. Nb3 Bg4 23. Ng5 Nxg5 24. Bxg5 Qd6 25. Bf4 Qc6 26. Qg3 Be2 27.
Rfe1 Ne4 28. Qe3 Bg4 29. h3 Bf5 30. Rad1 Rf8 31. Na5 Qd7 32. Nc4 Re8 33. Nb6
Qb5 34. Nxd5 Qxb2 35. Re2 Qa3 36. Nc7 Rf8 37. g4 Nxc3 38. gxf5 Nxe2+ 39. Qxe2
Bd4+ 40. Rxd4 cxd4 41. Qe6+ Rff7 42. Ne8 Qe7 43. Be5 Qxe6 44. fxe6 d3 45. exf7+
Kxf7 46. Nd6+ Ke6 47. Bf4 d2 48. Bxd2 Kxd6 49. Kg2 Ke5 50. a4 b6 51. a5 b5 52.
Kg3 Kf5 53. h4 Rd7 54. Be1 Rd3+ 55. Kf2 Ke4 56. Ke2 Rh3 57. Kd2 b4 58. Kc2 b3+
59. Kb2 Kd4 60. Bb4 Kc4 61. Be7 Rh2+ 62. Kb1 Re2 63. Bf6 Kb5 64. Bd8 Ka4 65.
Bc7 Rc2 66. Bd8 Rc8 67. Bb6 Rh8 68. Kb2 Rxh4 69. Kb1 Rc4 70. Kb2 Rc2+ 71. Kb1
Ka3 72. Bd8 Re2 73. Bg5 Re1+ 74. Bc1+ Rxc1+ 0-1

[Event "Politiken Cup"]
[Site "Copenhagen"]
[Date "2006.07.25"]
[Round "4.63"]
[White "Werner, Gert"]
[Black "Robertson, David"]
[Result "1/2-1/2"]
[WhiteElo "2069"]
[BlackElo "1927"]
[PlyCount "135"]
[EventDate "2006.??.??"]

1. Nf3 Nf6 2. g3 g6 3. b4 Bg7 4. Bb2 O-O 5. c4 e6 6. Bg2 d5 7. Na3 c6 8. O-O a5
9. b5 Bd7 10. d3 Re8 11. Qd2 Qe7 12. Rab1 Nh5 13. Bxg7 Nxg7 14. bxc6 bxc6 15.
Qc3 c5 16. cxd5 exd5 17. e4 dxe4 18. dxe4 Bc6 19. e5 Nd7 20. Rfe1 a4 21. Nc4
Reb8 22. Nfd2 Bxg2 23. Kxg2 Qe6 24. Rxb8+ Rxb8 25. Rb1 Rxb1 26. Nxb1 Qd5+ 27.
f3 Ne6 28. Nbd2 Nd4 29. Qe3 Nc6 30. Qe4 Qxe4 31. Nxe4 Ndxe5 32. Nxe5 Nxe5 33.
Nxc5 a3 34. Kf2 Kf8 35. Ke3 Ke7 36. Nd3 Nc4+ 37. Kd4 Nd2 38. Ke3 Nc4+ 39. Kd4
Nd2 40. Ne1 Nf1 41. Kd3 Nxh2 42. Ke2 Kd6 43. Nc2 g5 44. Nxa3 g4 45. f4 Nf3 46.
Nc2 Kc5 47. Kd3 h5 48. Ne3 Nd4 49. Ke4 Ne2 50. Nf1 Nc3+ 51. Kf5 Nxa2 52. Kf6
Nc3 53. Kxf7 Nd5 54. Kg6 Nxf4+ 55. gxf4 h4 56. f5 g3 57. Nxg3 hxg3 58. f6 g2
59. f7 g1=Q+ 60. Kh7 Qh2+ 61. Kg8 Qg3+ 62. Kh8 Qh4+ 63. Kg8 Qg5+ 64. Kh8 Qh6+
65. Kg8 Qg6+ 66. Kh8 Qh5+ 67. Kg8 Qxf7+ 68. Kxf7 1/2-1/2